Ciencias naturales 8 : astronomía, geología, biología, física, química /

Guardado en:
Autor Principal: González, Raúl A.
Otros Autores: Capurro, Mónica H., Carreras, Norma H., Cittadino, Emilio A.
Formato: Libro
Publicado: Buenos Aires : Puerto de Palos, 2005
Series:Estudio
Materias:
Etiquetas: Agregar Etiqueta
Sin Etiquetas, Sea el primero en etiquetar este registro!
LEADER 01303nam a22003135a 4500
001 CEM.cems012115
005 20080222065908.0
008 130507s2005##################000#0#####d
003 CEMS
020 |a 9875472379 
082 0 4 |a Z570 
100 1 |a González, Raúl A. 
245 1 0 |a Ciencias naturales 8 :  |b astronomía, geología, biología, física, química /  |c Raúl A. González ... [et Al.] 
260 |a Buenos Aires :  |b Puerto de Palos,  |c 2005 
300 |a 352 p. 
490 0 |a Estudio 
500 |a Para 8º año Egb 
505 0 |a La tierra en el Sistema solar -- Rocas -- Minerales -- Suelos -- Los cambios internos en la geosfera -- La vida en las eras geológicas -- Estructura celular y organización de la vida -- Bacterias -- Protistas -- Nutrición en plantas, hongos y animales -- Las comunidades y los ecosistemas -- Alimentos -- Nutrientes -- Sistemas orgánicos de la nutrición -- Noxas -- Enfermedades 
653 |a Ciencias naturales- 8º e.g.b. 
653 |a Astronomía 
653 |a Geología 
653 |a Biología 
653 |a Física 
653 |a Química 
653 |a Ciencias naturales 
700 1 |a Capurro, Mónica H. 
700 1 |a Carreras, Norma H. 
700 1 |a Cittadino, Emilio A. 
859 |a CEMS  |b BIB. CEMS - 11 de abril  |h Z570  |i G589  |p 23348.06  |t Ej.1  |v 8º  |3 8º